000
00299nam a22001337a 4500
008
171201b xxu||||| |||| 00| 0 eng d
020
_a
459117001
041
_a
eng
080
_a
32
100
_a
16
101
_a
SHP
245
_a
LIBERATED PARENTS LIBERATED CHILDREN
_c
FABER, A
942
_2
udc
_c
BK
999
_c
38705
_d
38705